Film français : La traversée de Paris - Statistiques

Statistiques générales
  • Ce quiz a été pris 34 fois
  • Le résultat moyen est 10 sur 20
Statistiques - réponses
Questions Réponses % Correct
Acteur qui jouait le rôle de Grandgil. Jean Gabin
100%
Acteur qui jouait le rôle de Marcel Martin. Bourvil
97%
Acteur qui jouait le rôle de Jambier. Louis de Funès
97%
Période durant laquelle se déroule l'histoire du film : L'O______. L'Occupation
91%
Animal que transportent Grandgil et Martin. Un cochon
88%
Année de sortie du film. 1956
81%
Pratique à laquelle s'adonnent Martin et Grandgil. Le marché noir
63%
Profession de Grandgil. Artiste-peintre
59%
Réalisateur du film. Claude Autant-Lara
53%
Montant total que Grandgil aura réclamé à Jambier. 5 000 francs
50%
Numéro du domicile de Jambier. Le 45
31%
Nom de la rue où habite Jambier. La rue Poliveau
28%
Auteur original de la nouvelle "La traversée de Paris". Marcel Aymé
25%
Complétez cette réplique : "Non mais regarde-moi le mignon avec sa face d'alcoolique, sa viande grise. Avec du ___ partout ! Du ___, du ___, rien que du ___ ! Dis donc, tu ne vas pas changer de gueule, un jour ?" Mou
22%
L'acteur qui joue le rôle de Martin a remporté la Coupe Volpi du meilleur acteur à ce festival, l'année même de la sortie du film. La Mostra de Venise
19%
Alcool dont se sert Grandgil chez Jambier. Du rhum
16%
Prénom de l'épouse de Marcel Martin incarnée par Jeannette Batti. Mariette
16%
Complétez cette réplique : "À ce prix-là, cherchez des _______, moi, je suis un homme". Clochards
13%
Complétez cette réplique : "Et l'autre, là, la rombière, la gueule en _______ et saindoux, trois mentons, les nichons qui dévalent sur la brioche". Gélatine
13%
Recueil de nouvelles du précédent dans lequel est parue "La traversée de Paris". Le vin de Paris
9%
Aucun quiz correspondant
Distribution des résultats
% des personnes avec chaque résultat
Percentile par nombre de réponses
Votre historique - résultats
Vous n’avez pas pris ce quiz